Science Quiz

Random Science or Elements Quiz

Elements by Three-Letter Combos Quiz Stats

 Plays Quiz Updated Mar 20, 2020

Support Sporcle.
Go Orange.
Score 0/36 Timer 05:00
0 Plays Today
3-Letter Combo Element % Correct
XYGOxygen
85.2%
OLDGold
83.5%
INCZinc
81.7%
EONNeon
81.4%
RGOArgon
80%
ILVSilver
79.1%
EADLead
77.1%
BONCarbon
72.6%
UNGTungsten
72.6%
ESEManganese
70.9%
UORFluorine
69.5%
ALCCalcium
69.3%
OROBoron
68.1%
ADMCadmium
67.2%
ITHLithium
66%
DROHydrogen
63.6%
OPPCopper
63.6%
SPHPhosphorus
62.4%
3-Letter Combo Element % Correct
YPTKrypton
61.5%
AGNMagnesium
59.2%
OHRBohrium
53.9%
ENOXenon
53%
YBDMolybdenum
52.7%
HLOChlorine
52%
DONRadon
52%
ONYAntimony
51.6%
BALCobalt
50.4%
ICKNickel
47.8%
HROChromium
45.9%
ERYBeryllium
45.6%
ITRNitrogen
44.4%
LADPalladium
44.2%
ILISilicon
42%
TASPotassium
39.3%
UBNDubnium
37.3%
ANAVanadium
28%

From the Vault

Superhero Bunker

by chaosBEE

Since when do superheroes need to lock themselves up in bunkers?
Remove Ads.
Support Sporcle.
Get the best of Sporcle when you Go Orange. This ad-free experience offers more features, more stats, and more fun while also helping to support Sporcle. Thank you for becoming a member.

Show Comments

Extras

Top Quizzes Today


Score Distribution

Your Account Isn't Verified!

In order to create a playlist on Sporcle, you need to verify the email address you used during registration. Go to your Sporcle Settings to finish the process.

Report this User

Report this user for behavior that violates our Community Guidelines.

Details: